<?xml version='1.0' encoding='UTF-8'?>
  <record xmlns="http://www.loc.gov/MARC21/slim">
    <leader>00000cam a2200000 i 4500</leader>
    <controlfield tag="001">ocn901143142</controlfield>
    <controlfield tag="003">OCoLC</controlfield>
    <controlfield tag="005">20250928122334.3</controlfield>
    <controlfield tag="008">150130s1939    ne            000 u dut d</controlfield>
    <datafield tag="040" ind1=" " ind2=" ">
      <subfield code="a">BEATB</subfield>
      <subfield code="b">dut</subfield>
      <subfield code="c">BEATB</subfield>
      <subfield code="d">NLGGC</subfield>
      <subfield code="d">QGJ</subfield>
      <subfield code="d">NETUE</subfield>
      <subfield code="d">L2U</subfield>
      <subfield code="d">OCLCL</subfield>
      <subfield code="d">OCLCQ</subfield>
    </datafield>
    <datafield tag="019" ind1=" " ind2=" ">
      <subfield code="a">989645157</subfield>
    </datafield>
    <datafield tag="029" ind1="1" ind2=" ">
      <subfield code="a">NLGGC</subfield>
      <subfield code="b">059747706</subfield>
    </datafield>
    <datafield tag="035" ind1=" " ind2=" ">
      <subfield code="a">(OCoLC)901143142</subfield>
      <subfield code="z">(OCoLC)989645157</subfield>
    </datafield>
    <datafield tag="041" ind1=" " ind2=" ">
      <subfield code="a">dut</subfield>
    </datafield>
    <datafield tag="084" ind1=" " ind2=" ">
      <subfield code="a">33.61</subfield>
      <subfield code="2">bcl</subfield>
    </datafield>
    <datafield tag="100" ind1="1" ind2=" ">
      <subfield code="a">Scholten, Willem.</subfield>
      <subfield code="4">aut</subfield>
    </datafield>
    <datafield tag="245" ind1="1" ind2="3">
      <subfield code="a">De kristalstructuur van kwikchloride en kwikchlorolromide /</subfield>
      <subfield code="c">Willem Scholten [aut].</subfield>
    </datafield>
    <datafield tag="260" ind1=" " ind2=" ">
      <subfield code="a">Amsterdam :</subfield>
      <subfield code="b">Noord-Hollandsche Uitgevers-Maatschappij,</subfield>
      <subfield code="c">1939.</subfield>
    </datafield>
    <datafield tag="300" ind1=" " ind2=" ">
      <subfield code="a">X, 86 p. :</subfield>
      <subfield code="b">ill. ;</subfield>
      <subfield code="c">23 cm</subfield>
    </datafield>
    <datafield tag="502" ind1=" " ind2=" ">
      <subfield code="a">Proefschrift Utrecht.</subfield>
    </datafield>
    <datafield tag="650" ind1=" " ind2="4">
      <subfield code="a">Anorganische chemie.</subfield>
      <subfield code="0">(BE-AnANE)a::546:1</subfield>
    </datafield>
    <datafield tag="650" ind1=" " ind2="7">
      <subfield code="a">33.61 structure of liquids en solids.</subfield>
      <subfield code="0">(NL-LeOCL)080451756</subfield>
      <subfield code="2">bcl</subfield>
    </datafield>
    <datafield tag="650" ind1="1" ind2="7">
      <subfield code="a">Kristalstructuur.</subfield>
      <subfield code="2">gtt</subfield>
      <subfield code="0">(NL-LeOCL)078565898</subfield>
    </datafield>
    <datafield tag="650" ind1="1" ind2="7">
      <subfield code="a">Kwikchloride.</subfield>
      <subfield code="2">gtt</subfield>
      <subfield code="0">(NL-LeOCL)168463598</subfield>
    </datafield>
    <datafield tag="650" ind1="1" ind2="7">
      <subfield code="a">Bromiden.</subfield>
      <subfield code="2">gtt</subfield>
      <subfield code="0">(NL-LeOCL)25609392X</subfield>
    </datafield>
    <datafield tag="655" ind1=" " ind2="7">
      <subfield code="a">Proefschriften (vorm)</subfield>
      <subfield code="2">gtt</subfield>
      <subfield code="0">(NL-LeOCL)088144445</subfield>
    </datafield>
    <datafield tag="758" ind1=" " ind2=" ">
      <subfield code="a">De kristalstructuur van kwikchloride en kwikchlorobromide (Text)</subfield>
      <subfield code="1">https://id.oclc.org/worldcat/entity/E39PCGCPtXHqP4hxCpx4xTCtgC</subfield>
      <subfield code="4">https://id.oclc.org/worldcat/ontology/hasWork</subfield>
    </datafield>
    <datafield tag="936" ind1=" " ind2=" ">
      <subfield code="a">BATCHLOAD</subfield>
    </datafield>
  </record>